00662 a2200133 4500003000500000005001700005040000900022082001200031100002300043245004800066260003500114300001500149505036400164NUST20221207154440.0 cNust a297,GIL aGilani, Syed Asad  aHow to be a true muslim /cSyed Asad Gilani aLahorebFerozons Pvt Lidc1987 av; 140 p.: aTrue Muslim (Page-1), What Is Islam (Page-15), Islamic Characteristics (Page-27), Glimpses Of The Doomsday (Page-41), Imagination Of The Hereafter (Page-49), Concern For The Hereafter (Page-67), Times Of A True Muslim (Page-89), Self Purification (Page-97), Display Of Servitude (Page-107), Service Obligations (Page-123), Reward Of Good Service (Page-131).